000 00661nam a2200241Ia 4500
003 OSt
005 20221005042731.0
006 a|||||r|||| 00| 0
007 ta
008 221004b |||||||| |||| 00| 0 mal d
024 _a57745
037 _cTextual
040 _aCRL
_cCRL
_bmal
041 _2mal
_amal
082 _aO32,6NKPNx, K0
100 _aParameswaran Kuttippuzha
_9590816
245 0 _aChinthadarsanam
260 _aEdava
_bKairalee Sevaka India
_c1960
300 _a88p.
_ccm.
650 _aMALAYALAM LITERATURE
_938866
942 _hO32,6NKPNx, K0
_cTEXL
_2cc
999 _c950780
_d950780